000 00303nam a22001337a 4500
008 181022b xxu||||| |||| 00| 0 eng d
020 _a9780131510517
041 _aeng
080 _a370
100 _a48
101 _aedu
245 _aUnix Systems Administration Handbook
_cEvi.N
942 _2udc
_cBK
999 _c50354
_d50354